| 000 | 00862nam a2200253 a 4500 | ||
|---|---|---|---|
| 001 | 67926 | ||
| 003 | BD-RjUL | ||
| 005 | 20211209081718.0 | ||
| 008 | 170329s1956 nyua 001 0 eng d | ||
| 035 | _a(BD-RjUL)68135 | ||
| 040 |
_aDLC _cFM _dDLC _d(BD-RjUL) _beng |
||
| 041 | _aeng | ||
| 082 |
_223 _a621.384152 _bTIF 1956 |
||
| 100 | 1 |
_aTibbs, Christopher E. _9201350 |
|
| 245 | 1 | 0 |
_aFrequency modulation engineering / _cby Christopher E. Tibbs and G. G. Johnstone. Foreword by K. R. Sturley. |
| 250 | _a2nd ed. rev. | ||
| 260 |
_aNew York : _bJohn Wiley & Sons Inc., _c1956. |
||
| 300 |
_a435 p. : _bill. ; _c23 cm. |
||
| 504 | _aIncludes Bibliographical References and Index | ||
| 650 | 0 |
_aRadio frequency modulation. _9201351 |
|
| 650 | 0 |
_aRadio _xEquipment and supplies. _9201352 |
|
| 700 | 1 |
_aJohnstone, G. G., _ejoint author. _9201353 |
|
| 942 |
_2ddc _cBK |
||
| 999 |
_c67926 _d67926 |
||